| 000 | 01024nam a2200253 a 4500 | ||
|---|---|---|---|
| 001 | 000020495 | ||
| 005 | 20200930011123.0 | ||
| 008 | 101216s1993 sp 001 0 spa d | ||
| 020 | _a8486168880(Piramide) | ||
| 020 | _a8436807901 (F.G.S.R.) | ||
| 040 |
_aDO-SdBNP _bspa _cBNPHU |
||
| 082 |
_axxxx _bS129c |
||
| 100 | 1 |
_aSager, Juan C. _943189 |
|
| 245 | 1 | 0 |
_aCurso práctico sobre el procesamiento de la terminología : _bcon un capítulo adicional de Joan Torruella y Gloria Clavería / _cJuan C. Sager ; traducción Laura Chumillas Moya; prólogo Jean Claude Boulanger. |
| 260 |
_aMadrid : _bFundación Germán Sánchez Ruipérez, _bEdiciones Pirámide, _c1993. |
||
| 300 |
_a442 p. ; _c22 cm. |
||
| 490 | 0 |
_aBiblioteca del Libro _v57 |
|
| 500 | _aIncluye glosario español/ingles | ||
| 500 | _aIncluye glosario ingles/español | ||
| 504 | _aBibliografía p: 403-442 | ||
| 700 | 1 |
_aChumillas Moya, Laura _etrad. _943190 |
|
| 700 | 1 |
_aBoulanger, Jean Claude _eprol. _943191 |
|
| 830 | 0 |
_aBiblioteca del Libro _n57 _943192 |
|
| 999 |
_c19999 _d19999 |
||